Mùa Tôm Tiểu thuyết - Giải thưởng viện Hàn Lâm Văn học Ấn Độ 1957
Kaydedildi:
| Yazar: | |
|---|---|
| Diğer Yazarlar: | |
| Materyal Türü: | Kitap |
| Baskı/Yayın Bilgisi: |
H.
Hội Nhà Văn Việt Nam
1986
|
| Edisyon: | In lần thứ 3 |
| Konular: | |
| Etiketler: |
Etiketle
Etiket eklenmemiş, İlk siz ekleyin!
|
| Thư viện lưu trữ: | Trung tâm Học liệu Lê Vũ Hùng, Trường Đại học Đồng Tháp |
|---|
| LEADER | 00889pam a22002538a 4500 | ||
|---|---|---|---|
| 001 | 00035595 | ||
| 005 | 20171026081025.0 | ||
| 008 | 161213s1986 ||||||Viesd | ||
| 041 | 0 | # | |a Vie |
| 082 | 1 | 4 | |a 891 |b M501T |
| 100 | 0 | # | |a Thakagi Xivaxankara phlai |
| 245 | 0 | 0 | |a Mùa Tôm |b Tiểu thuyết - Giải thưởng viện Hàn Lâm Văn học Ấn Độ 1957 |c Thakagi Xivaxankara phlai; Hoàng Cường |
| 250 | # | # | |a In lần thứ 3 |
| 260 | # | # | |a H. |b Hội Nhà Văn Việt Nam |c 1986 |
| 300 | # | # | |a 269 tr. |c 19 cm. |
| 650 | # | 4 | |a Văn học hiện đại |
| 650 | # | 4 | |a Ấn Độ |
| 653 | # | # | |a Tiểu thuyết |
| 700 | 0 | # | |a Hoàng Cường |e Dịch |
| 852 | # | # | |b Kho mượn |j KM.0018214 |
| 852 | # | # | |j KM.0018214 |
| 910 | 0 | # | |d 13/12/2016 |
| 980 | # | # | |a Trung tâm Học liệu Lê Vũ Hùng, Trường Đại học Đồng Tháp |